000 00354nam a2200133Ia 4500
008 240624s9999 xx 000 0 und d
041 _aeng
082 _a332.6 FAB
100 _aFABOZZI FRANK J
245 _aTHEORY AND PRACTICE OF INVESTMENT MANAGE
260 _c2002
_aManagement
_bJohn Wiley and Sons
300 _a894 : p. : cm. ; 26
365 _c
_b30
999 _c10613
_d10613